The little fox and other bilingual French-English stories (Record no. 4705)

MARC details
000 -CABECERA
campo de control de longitud fija 01501nam a22002417a 4500
008 - DATOS DE LONGITUD FIJA--INFORMACIÓN GENERAL
campo de control de longitud fija 250528b |||||||| |||| 00| 0 eng d
020 ## - NÚMERO INTERNACIONAL ESTÁNDAR DEL LIBRO
Número Internacional Estándar del Libro 9798227209290
040 ## - FUENTE DE LA CATALOGACIÓN
Centro/agencia transcriptor tbs
041 ## - CÓDIGO DE LENGUA
Código de lengua del texto/banda sonora o título independiente fre
-- eng
110 ## - ENTRADA PRINCIPAL--NOMBRE DE ENTIDAD CORPORATIVA
Nombre de entidad corporativa o nombre de jurisdicción como elemento de entrada Pomme Bilingual (Firm)
9 (RLIN) 25358
Término indicativo de función/relación author
245 ## - MENCIÓN DE TÍTULO
Título The little fox and other bilingual French-English stories
Mención de responsabilidad, etc. / Pomme Bilingual.
260 ## - PUBLICACIÓN, DISTRIBUCIÓN, ETC.
Lugar de publicación, distribución, etc. Place of publication not identified
Nombre del editor, distribuidor, etc. Pomme Bilingual,
Fecha de publicación, distribución, etc. 2024.
300 ## - DESCRIPCIÓN FÍSICA
Extensión 62 pages ;
Dimensiones 20 cm.
505 ## - NOTA DE CONTENIDO CON FORMATO
Nota de contenido con formato Bilungual texts : French language stories with English translations.
520 ## - SUMARIO, ETC.
Sumario, etc. Unlock the beauty of bilingual storytelling with The Little Fox And Other Bilingual French-English Stories . Each tale invites you to explore enchanting worlds, rich with culture and emotion, while seamlessly improving your French language skills. Perfect for adult learners, this collection offers an engaging way to practice reading in French while having the comfort of English translations. Whether you're a beginner or an advanced learner, The Little Fox And Other Bilingual French-English Stories is your perfect companion to enhance your French reading skills while enjoying delightful and meaningful stories.
650 #0 - PUNTO DE ACCESO ADICIONAL DE MATERIA--TÉRMINO DE MATERIA
Término de materia o nombre geográfico como elemento de entrada French language
Subdivisión general Readers
9 (RLIN) 12401
650 #0 - PUNTO DE ACCESO ADICIONAL DE MATERIA--TÉRMINO DE MATERIA
Término de materia o nombre geográfico como elemento de entrada French language
Subdivisión de forma Self-instruction
9 (RLIN) 25301
650 #0 - PUNTO DE ACCESO ADICIONAL DE MATERIA--TÉRMINO DE MATERIA
Término de materia o nombre geográfico como elemento de entrada Short stories, French
Subdivisión general Translations into English
9 (RLIN) 25359
655 #0 - TÉRMINO DE INDIZACIÓN--GÉNERO/FORMA
Datos o término principal de género/forma Short stories
9 (RLIN) 22375
655 #0 - TÉRMINO DE INDIZACIÓN--GÉNERO/FORMA
Datos o término principal de género/forma Readers (Publications)
9 (RLIN) 25108
655 #0 - TÉRMINO DE INDIZACIÓN--GÉNERO/FORMA
Datos o término principal de género/forma High interest-low vocabulary books
9 (RLIN) 22485
942 ## - ELEMENTOS DE ENTRADA AGREGADA (KOHA)
Fuente del sistema de clasificación o colocación Clasificación de Library of Congress
Holdings
Estado de retiro Estado de pérdida Fuente del sistema de clasificación o colocación Estado dañado No para préstamo Biblioteca de origen Biblioteca actual Fecha de adquisición Total de préstamos Signatura topográfica completa Código de barras Fecha visto por última vez Número de copia Precio válido a partir de Tipo de ítem Koha
    Clasificación de Library of Congress     TBS Barcelona TBS Barcelona 28/05/2025   READER-FR POM B05759 28/05/2025 1 28/05/2025 Teach Yourself French

Powered by Koha